000 00415nam a2200181Ia 4500
005 20240823051451.0
008 240823s9999||||xx |||||||||||||| ||und||
041 _aENGLISH
082 _A574.192 N0
100 _aWell.J.H
245 0 _aGeneral BioChemistry
250 _a1st
260 _c1990
_b"Wiley,New Delhi"
500 _aTRANSFERED
650 _aChemistry
_bChemistry
942 _cBK
999 _c219654
_d219654